| 000 | 00592nam a2200229Ia 4500 | ||
|---|---|---|---|
| 003 | OSt | ||
| 005 | 20220918205121.0 | ||
| 006 | a|||||r|||| 00| 0 | ||
| 007 | ta | ||
| 008 | 220917b |||||||| |||| 00| 0 eng d | ||
| 024 | _a115,413 | ||
| 037 | _cTextual | ||
| 040 |
_aARTS _cARTS _beng |
||
| 041 |
_2eng _aeng |
||
| 082 | _aV58xL:1:N41, K5 | ||
| 100 |
_aPavlon D V _9114207 |
||
| 245 | 0 |
_aLeningrad 1941 _b the blackade tr by John Clinton Adams |
|
| 260 | _c1965 | ||
| 650 | _aHISTORY | ||
| 942 |
_hV58xL:1:N41, K5 _cTEXL _2CC |
||
| 999 |
_c238742 _d238742 |
||